Normal view MARC view
  • Rol sexual en la educación

Entry Materia

Number of records used in: 25

001 - NÚMERO DE CONTROL DEL REGISTRO

  • campo de control: 9855

003 - IDENTIFICADOR DE NUMERO DE CONTROL

  • campo de control: MX-MxUPN

005 - FECHA Y HORA DE LA ÚLTIMA TRANSACCIÓN

  • campo de control: 20251120102447.0

008 - DATOS DE LONGITUD FIJA

  • campo de control de longitud fija: 251120n| acnnnbabn | ana |d

035 ## - NÚMERO DE CONTROL DEL SISTEMA

  • Número de control del sistema: UPN10000009862

040 ## - FUENTE DE LA CATALOGACIÓN

  • Centro catalogador de origen: MX-MxUPN
  • Lengua de catalogación: spa
  • Agencia de transcripción: MX-MxUPN

150 ## - ENCABEZAMIENTO - TEMÁTICO

  • Término de materia o nombre geográfico como elemento inicial: Rol sexual en la educación

670 ## - FUENTE EN LA QUE SE LOCALIZARON DATOS

  • Cita de la fuente: LC
  • Información localizada: Sex role in music

902 ## - CATALOGADOR

  • Catalogador: CAA/110608